Dragon Ball Multiverse - Statistiques

Statistiques générales
  • Ce quiz a été pris 363 fois
  • Le résultat moyen est 29 sur 90
Statistiques - réponses
Univers Personnages % Correct
18 Son Gokû
99%
13 Empereur Vegeta
90%
10 Roi Vegeta
90%
18 Vegeta
90%
16-18 Son Gohan
89%
16-18 Son Goten
82%
12 Mirai Trunks
80%
16-18 Trunks
80%
8 Freeza
77%
16-18 Piccolo
75%
9 Kulilin
71%
9 Bulma
69%
17 Cell
69%
14 #18
66%
14 #17
64%
9 Yamcha
64%
12 #16
58%
20 Broly
52%
9 Tenshinan
52%
13 Nappa
48%
13 Raditz
48%
16 Vegetto
47%
9 Videl
47%
16-18 Videl
47%
11 Majin Buu
45%
4 Zen Buu
45%
3 Baddack
44%
10 Baddack
44%
8 Coola
44%
16-18 Pan
43%
11 Babidi
38%
16-18 Gotenks
37%
8 Roi Cold
36%
11 Dabra
35%
8 Ginyû
35%
18 Bra
34%
16 Son Bra
34%
18 Uub
33%
1 Grand Kaiôshin
31%
8 Butta
29%
8 Jeece
29%
17 Cell Junior
28%
8 Guldo
25%
15 I'K'L
25%
6 Bojack
23%
8 Dodoria
22%
1 Kaiôshin de l'Est
22%
3 Tapion
22%
8 Reacum
21%
8 Zarbon
21%
1 Kaiôshin de l'Ouest
20%
1 Kaiôshin du Nord
20%
1 Kaiôshin du Sud
20%
10 Nail
20%
7 Gast Carcolh
17%
7 Kiwi
16%
2 Arale
15%
6 Mai
15%
13 Kakarotto
14%
3 Piccolo Daimao
14%
2 Akira Toriyama
13%
6 Zangya
13%
3 Dr. Raichi
12%
8 Sauza
12%
5 XXI (Ksee)
11%
6 Bujin
10%
2 Mary Sue
10%
3 Hildegan
9%
2 Nekomajin
8%
2 Beelzebub
7%
10 Cargot
7%
6 Kat
7%
19 Tidar
7%
19 Xeniloum
7%
19 Phipsil
6%
6 Bido
5%
7 Dore
5%
6 Gokua
5%
19 Eleim
4%
6 Jet
4%
10 Mahissu
4%
19 Naurb
4%
7 Neiz
4%
6 Syd
4%
9 Trunks Brief
4%
3 Hanasia
3%
19 Loopwhirl
3%
19 Magsuns
3%
19 Nedwook
3%
2 Sun Wukong
3%
Aucun quiz correspondant
Distribution des résultats
% des personnes avec chaque résultat
Percentile par nombre de réponses
Votre historique - résultats
Vous n’avez pas pris ce quiz